| 000 | 01093nam a22003497a 4500 | ||
|---|---|---|---|
| 003 | CHAP | ||
| 005 | 20220329140310.0 | ||
| 008 | 971013s1976 us a r 00010 eng d | ||
| 010 | _a49973 | ||
| 011 | _a50945 | ||
| 035 | _a55095 | ||
| 040 | _cCHAP | ||
| 090 | _aFolleto 4937 (1976) | ||
| 100 | 0 | 0 |
_aFell, Derek. _940010 |
| 245 | 1 | _aCactus and succulents in your home | |
| 250 | _aRev. ed. | ||
| 260 |
_aBarrigton, Ill. : _bCountryside, _c1976 |
||
| 300 |
_a48 p. _b: ilus. |
||
| 490 | _aCountryside books | ||
| 590 |
_aBATCH-UPD _b10 _c20130110 _lUCH01 _h0512 |
||
| 590 |
_aBATCH-UPD _b10 _c20130410 _lUCH01 _h0151 |
||
| 590 |
_aBATCH-UPD _b10 _c20130914 _lUCH01 _h0805 |
||
| 590 |
_aCONVERSION _b10 _c20130109 _lUCH01 _h1327 |
||
| 650 | 1 | 4 |
_aCactáceas. _916994 |
| 650 | 1 | 4 |
_aSuculentas. _9110174 |
| 830 | 0 |
_aCountryside books _928633 |
|
| 901 | _aBK | ||
| 942 | _cFOLL | ||
| 949 |
_aFolleto 4937 (1976) _bBC _cFOLL _d-121124 _eTS1 _i55095 _si |
||
| 949 |
_aFolleto 4937 (1976) _bBC _cFOLL _d-121125 _eTS2 _fc.2 _i55095 _si |
||
| 949 |
_aFolleto 4937 (1976) _bBC _cFOLL _d-121126 _eTS2 _fc.3 _i55095 _si |
||
| 999 |
_c49973 _d49973 |
||